Die Marshall-Inseln in Erd- und Völkerkunde, Handel und Mission. (Record no. 23690)

MARC details
000 -LEADER
fixed length control field 00750cam a22002291 4500
001 - CONTROL NUMBER
control field g 01001250
003 - CONTROL NUMBER IDENTIFIER
control field DLC
005 - DATE AND TIME OF LATEST TRANSACTION
control field 20260227111254.0
008 - FIXED-LENGTH DATA ELEMENTS--GENERAL INFORMATION
fixed length control field 890501s1889 gw 000 0 ger
010 ## - LIBRARY OF CONGRESS CONTROL NUMBER
LC control number g 01001250
035 ## - SYSTEM CONTROL NUMBER
System control number (OCoLC)19639648
040 ## - CATALOGING SOURCE
Original cataloging agency DLC
Transcribing agency CU-S
Modifying agency DLC
042 ## - AUTHENTICATION CODE
Authentication code premarc
050 00 - LIBRARY OF CONGRESS CALL NUMBER
Classification number DU710
Item number .H2
100 1# - MAIN ENTRY--PERSONAL NAME
Personal name Hager, Carl,
Dates associated with a name 1861-
245 14 - TITLE STATEMENT
Title Die Marshall-Inseln in Erd- und Völkerkunde, Handel und Mission.
Remainder of title Mit einem Anhang: Die Gilbert-Inseln
Statement of responsibility, etc. von Carl Hager. Mit einer Karte.
250 ## - EDITION STATEMENT
Edition statement 2. Ausg.
260 ## - PUBLICATION, DISTRIBUTION, ETC.
Place of publication, distribution, etc. Leipzig,
Name of publisher, distributor, etc. E. Baldamus,
Date of publication, distribution, etc. 1889.
300 ## - PHYSICAL DESCRIPTION
Extent iv p., 1 l., 157, [1] p.
Other physical details fold map.
Dimensions 22 cm.
651 #0 - SUBJECT ADDED ENTRY--GEOGRAPHIC NAME
Geographic name Marshall Islands
General subdivision Description and travel.
651 #0 - SUBJECT ADDED ENTRY--GEOGRAPHIC NAME
Geographic name Kiribati
General subdivision Description and travel.

No items available.

Powered by Koha